Statistics for Travel Across Europe on a Blank Map

Click here to take the quiz!

General Stats

  • This quiz has been taken 5,149 times
  • The average score is 17 of 21

Answers on the Map

Answers color-coded by a green-red scale on the quiz's map according to % correct below.
 

Answer Stats

Countries% Correct
France
100%
Italy
96%
Switzerland
96%
Germany
94%
Czech Republic
87%
Denmark
86%
Finland
85%
Sweden
85%
Russia
84%
Belarus
83%
Ukraine
82%
Romania
79%
Bulgaria
77%
Turkey
72%
Greece
71%
Albania
69%
Montenegro
65%
Bosnia and Herzegovina
63%
Croatia
62%
Slovenia
61%
Austria
60%

Score Distribution

Percentile by Number Answered

Percent of People with Each Score

Your Score History

You have not taken this quiz